201->Bytom Dworzec - Statystyki

Ogólne statystyki
  • Ten quiz został rozwiązany 4 razy
  • Średni wynik to 16 z 31
Statystyki odpowiedzi
Miasto Przystanek % Poprawnych
Bytom Bytom Dworzec
100%
Świętochłowice Chropaczów Ratusz
75%
Bytom Łagiewniki Gojny
75%
Bytom Łagiewniki Targowisko
75%
Świętochłowice Świętochłowice Mijanka
75%
Bytom Bytom Powstańców Warszawskich
50%
Chorzów Chorzów Batory Czempiela
50%
Chorzów Chorzów Batory Graniczna
50%
Chorzów Chorzów Batory Pętla
50%
Świętochłowice Chropaczów Konstantego Wolnego
50%
Świętochłowice Chropaczów Szkoła
50%
Bytom Łagiewniki Fabryczna
50%
Bytom Łagiewniki Szyby
50%
Świętochłowice Lipiny Bukowego
50%
Świętochłowice Piaśniki Korfantego
50%
Świętochłowice Piaśniki Skrzyżowanie
50%
Świętochłowice Piaśniki Szpital
50%
Świętochłowice Świętochłowice Kościół
50%
Świętochłowice Świętochłowice Polna
50%
Świętochłowice Zgoda Centrum Kultury
50%
Świętochłowice Zgoda Ceramiczna
50%
Świętochłowice Zgoda Droga Kochłowicka
50%
Świętochłowice Zgoda Kościół
50%
Świętochłowice Zgoda Osiedle Słoneczne
50%
Świętochłowice Zgoda Skrzyżowanie
50%
Świętochłowice Zgoda Skrzyżowanie
50%
Świętochłowice Zgoda Zespół Szkół
50%
Bytom Łagiewniki Krzyżowa
25%
Świętochłowice Świętochłowice Muzeum Powstań Śląskich
25%
Świętochłowice Zgoda Brzozowa
25%
Świętochłowice Zgoda Wiśniowa
25%
Nie znaleziono quizów pasujących do podanych kryteriów
Rozkład punktacji
Procent ludzi z każdym wynikiem
Percentyl według liczby udzielonych odpowiedzi
Twoja historia wyników
Nie rozwiązałeś tego quizu